Revitalizácia toku Mláka.

Enregistré dans:
Détails bibliographiques
Auteur principal: Záborský, Martin (Auteur)
Autres auteurs: Škrinár, Andrej (Directeur de thèse)
Format: Manuscrit Livre
Langue:slovaque
Publié: 2024
Sujets:
Accès en ligne:http://is.stuba.sk/zp/portal_zp.pl?podrobnosti=175896
https://opac.crzp.sk/?fn=detailBiblioForm&sid=9A7D98113A4E7D6F02A974A0EB46
Tags: Ajouter un tag
Pas de tags, Soyez le premier à ajouter un tag!

MARC

LEADER 00000ntm a22000003a 4500
001 stuzp96913
003 SK-STU
005 20240930103459.9
007 ta
008 150427s2015----xo-----f-mn---000-0-slo-d
040 |a STU  |b slo 
041 0 |a slo 
100 1 |a Záborský, Martin  |u 010160  |4 aut  |U SvF Stavebná fakulta  |T SvF Katedra vodného hospodárstva krajiny  |X 98226  |U V160  |Y 16  |7 98226 
242 0 1 |a Restoration of the river Mláka.  |y eng 
245 1 0 |a Revitalizácia toku Mláka. 
260 |c 2024 
650 4 |a revitalizácia  |2 slo 
650 4 |a hydraulický výpočet  |2 slo 
650 4 |a ekologický stav toku  |2 slo 
650 4 |a protipovodňová ochrana  |2 slo 
650 4 |a restoration  |2 eng 
650 4 |a hydraulic calculation  |2 eng 
650 4 |a ecological status  |2 eng 
650 4 |a flood protection  |2 eng 
700 1 |a Škrinár, Andrej  |u 010160  |k Z1  |4 ths  |U SvF Stavebná fakulta  |T SvF Katedra vodného hospodárstva krajiny  |X 635  |U V160  |Y 16  |7 A000000635 
856 4 |u http://is.stuba.sk/zp/portal_zp.pl?podrobnosti=175896 
856 4 |u https://opac.crzp.sk/?fn=detailBiblioForm&sid=9A7D98113A4E7D6F02A974A0EB46